00606nam a2200169 a 450000100100000000500170001000800410002704000250006808200150009311000490010824500680015726000430022530000290026804900090029795201130030699900170041900002882220200930055147.0110412s1997 dr a 000 0 spa d aDO-SdBNPbspacBNPHU axxxbR426d1 aRepública DominicanabBanco Central93207413aLa deuda pública externa global de la República Dominicana. aSanto Domingo :bBanco Central,c1997. a25 p. :bgraf. ;c29 cm. aBNPD 0010718PDaPDbPDcCTd2011-04-12iLF1l0oxxx R426dp28822-10r2020-06-25w2020-06-25yLFPDZNo se presta c28314d28314